Two 'G' Words by One Hint Quiz Stats

 Plays Quiz Updated Feb 18, 2019

Support Sporcle.
Go Orange.
Score 0/20 Timer 04:00
3 Plays Today
% Correct
Gatling Gun
93.3%
Golden Gate
93.1%
Godric Gryffindor
92.5%
Good Grief
92%
Gold Glove
89.2%
General Grant
87.7%
Greta Garbo
86.1%
Green Giant
86%
Gone Girl
85.8%
Golden Goose
83.1%
% Correct
Green Goblin
81.2%
George Gershwin
79.6%
Geico Gecko
78.4%
Gibson Guitar
77.2%
Girl Group
75.6%
Garden Grove
75.5%
Glitter Gulch
71%
Gordon Gekko
69.3%
Galloping Gourmet
66.4%
Gibson Girl
48.3%

From the Vault

5-Letter States

by NYYanks

Geography 30s
If you put them all together would they be united?
Remove Ads.
Support Sporcle.
Get the best of Sporcle when you Go Orange. This ad-free experience offers more features, more stats, and more fun while also helping to support Sporcle. Thank you for becoming a member.

Show Comments

Extras

Top Quizzes Today


Score Distribution

Your Account Isn't Verified!

In order to create a playlist on Sporcle, you need to verify the email address you used during registration. Go to your Sporcle Settings to finish the process.

Report this User

Report this user for behavior that violates our Community Guidelines.

Details: